مكتبة جامعة عجلون الوطنية

فهرس بحث المكتبة

Normal view MARC view
  • أطفال معوقون-تربية خاصة-المعوقون-تعليم. التخلف العقلي-التعليم الخاص-صعوبات التعلم

Entry Topical Term

Number of records used in: 1

001 - CONTROL NUMBER

  • control field: 27336

003 - CONTROL NUMBER IDENTIFIER

  • control field: JO-AjAnu

005 - DATE AND TIME OF LATEST TRANSACTION

  • control field: 20230606074638.0

008 - FIXED-LENGTH DATA ELEMENTS

  • fixed length control field: 230606|| aca||aabn | a|a d

040 ## - CATALOGING SOURCE

  • Original cataloging agency: JO-AjAnu
  • Transcribing agency: JO-AjAnu

150 ## - HEADING--TOPICAL TERM

  • Topical term or geographic name entry element: أطفال معوقون-تربية خاصة-المعوقون-تعليم. التخلف العقلي-التعليم الخاص-صعوبات التعلم

670 ## - SOURCE DATA FOUND

  • Source citation: Work cat.: (JO-AjAnu)14039: الإمام،محمد صالح مؤلف/الجوالدة،فؤاد عيد م.مشارك, author 27335, الإعاقة العقلية ومهارات الحياة في ضوء نظرية العقل=Mental Retardation and Life Performance Skills In Light Of Theory Of Mind